Chyby pri pracovných pohovoroch

Pracovný pohovor by sa mal riadiť zásadami vzájomnej, pravdivej, úplnej informovanosti oboch účastníkov, za súčasného rešpektovania ich oprávnených záujmov. Povinnosti zamestnávateľa a jeho najčastejšie chyby pri pracovnom pohovore. Právne osobitosti pracovného pohovoru s mladistvým uchádzačom.

Na minha lista:
Detalhes bibliográficos
Autor principal: Žuľová, Jana
Formato: Capítulo de Livro
Idioma:eslovaco
Assuntos:
Tags: Adicionar Tag
Sem tags, seja o primeiro a adicionar uma tag!

MARC

LEADER 00000naa a2200000 4500
001 0184367
005 20231120134219.0
041 0 |a slo 
044 |a SK 
245 1 0 |a Chyby pri pracovných pohovoroch  |c Jana Žuľová 
520 |a Pracovný pohovor by sa mal riadiť zásadami vzájomnej, pravdivej, úplnej informovanosti oboch účastníkov, za súčasného rešpektovania ich oprávnených záujmov. Povinnosti zamestnávateľa a jeho najčastejšie chyby pri pracovnom pohovore. Právne osobitosti pracovného pohovoru s mladistvým uchádzačom. 
610 2 0 |a pohovor 
610 2 0 |a práca 
100 1 |a Žuľová, Jana